000 00514nam a2200193Ia 4500
003 OSt
005 20240506121134.0
008 210210b1977 xxu||||| |||| 00| 0 eng d
040 _cAL
041 _aKannada
082 _aK894.3 PREA
100 _aPREMABHAT.
_dಪ್ರೇಮಾಭಟ್
_9163240
245 _aAksharalakshmi.
_bಅಕ್ಷರಲಕ್ಷ್ಮಿ
260 _aMaisuru
_bGita Buk Haus
_c1977
300 _a251
690 _aKannada Fiction
_9163241
906 _aSG00003
942 _2ddc
_cBK
999 _c111140
_d111140